|
|
|
|
| LEADER |
00984nam a22002537a 4500 |
| 001 |
30523 |
| 003 |
BD-DhAAL |
| 005 |
20241117125028.0 |
| 008 |
150908s1995 bg a|||| |||| 001 0 eng d |
| 040 |
|
|
|a BD-DhAAL
|c BD-DhAAL
|
| 082 |
|
|
|2 22
|a 307.1412095492
|
| 100 |
|
|
|a Mustafa, Mr. Shams
|9 16332
|
| 245 |
|
|
|a Main findings report of the RDP impact assessment study /
|c Mr. Shams Mustafa.
|
| 260 |
|
|
|a Dhaka :
|b Research and evaluation division, BRAC,
|c 1995.
|
| 300 |
|
|
|a 59 p. :
|b ill. ;
|c 28 cm.
|
| 541 |
|
|
|a RED, BRAC
|e 30523
|
| 610 |
|
|
|a BRAC
|9 14493
|
| 650 |
|
|
|a Rural development
|z Bangladesh.
|9 14494
|
| 700 |
|
|
|a Ara, Ms. Ishrat.
|9 16333
|
| 710 |
|
|
|a BRAC
|9 14493
|
| 852 |
|
|
|a Ayesha Abed Library
|c BRAC Resource Section
|
| 942 |
|
|
|2 ddc
|c BK
|
| 999 |
|
|
|c 36215
|d 36215
|
| 952 |
|
|
|0 0
|1 0
|2 ddc
|4 0
|6 307_141209549200000_MUS
|7 1
|8 RPT
|9 56948
|a BRACUL
|b BRACUL
|c BRS
|d 2015-11-18
|e RED, BRAC
|l 0
|o 307.1412095492 MUS
|p 3010030523
|r 2015-11-27
|t 1
|w 2015-11-18
|y BK
|x RED, BRAC; Price not available in register.
|